000 00862nam a22002535a 4500
001 000833516
003 AR-BeUNQ
005 20230908173622.0
007 ta
008 230908s1995 sp gr 00| f spa
020 _a8447308413
040 _aAR-BaBN
_bspa
_cAR-BaBN
_eaacr
_dAR-BeUNQ
100 1 _aOnetti, Juan Carlos,
_d1909-1994
_eaut.
_4autH
245 1 0 _aJuntacadáveres /
_cJuan Carlos Onetti
260 _aBarcelona :
_bRBA
_bPlaneta,
_c1995.
300 _a187 p. ;
_c22 cm.
490 _aGrandes escritores argentinos y latinoamericanos. Narrativa contemporánea ;
_v7
650 _2tell
_aLiteratura latinoamericana
650 _2tell
_aNovelas
651 _2spines
_aUruguay
830 _aGrandes escritores argentinos y latinoamericanos. Narrativa contemporánea ;
_v7
929 _aDONACION
_bPerla Kerekes
_d200,00
_fPAT0080455
_h1
_j61464
942 _cLIB
999 _c870
_d870